000 00555nam a22001817a 4500
003 CEME
005 20210628203254.0
008 210204b xxu||||| |||| 00| 0 eng d
020 _a9782132102915
040 _c.
082 _a070.5 CAR
100 _aCaro, Sarah
_964431
245 _a How to publish your phd , a practical guide for the humanities and social sciences
260 _aINDIA
_bSAGE
_c2010
300 _a136P
650 _aSCHOLARY PUBLISHING - HANDBOOKS MANUAL ETC., HOW TO PUBLISH YOUR PHD. ACADEMIC WRITING
_964432
942 _cBK
_2ddc
999 _c572920
_d572920